8-Letter Country Match-Up Quiz Stats

 Plays Quiz Updated Jul 2, 2018

Support Sporcle.
Go Orange.
Score 0/25 Timer 04:00
0 Plays Today
% Correct
Zi
91.6%
Sr
89.3%
Dj
88.9%
Sl
87.8%
Th
87.7%
Sl
87.5%
Ta
82.4%
Et
76.3%
Su
75%
Co
69.9%
Ki
69.8%
eS
69.2%
Ho
68.2%
% Correct
Pa
67%
Ca
63.8%
Bu
62.9%
Po
62.9%
Pa
62.6%
Do
62%
Bo
59%
Mo
53.7%
Ca
49.3%
Ma
49.2%
Ba
47.6%
Ma
44.3%

You're not logged in!

Compare scores with friends on all Sporcle quizzes.
OR
Log In
Forgot?

From the Vault

Movies by Death Scene II

by zalkon2004

This quiz might make you feel just a little bit sad.
Remove Ads.
Support Sporcle.
Get the best of Sporcle when you Go Orange. This ad-free experience offers more features, more stats, and more fun while also helping to support Sporcle. Thank you for becoming a member.

Show Comments

Extras

Top Quizzes Today


Score Distribution

Your Account Isn't Verified!

In order to create a playlist on Sporcle, you need to verify the email address you used during registration. Go to your Sporcle Settings to finish the process.

Report this User

Report this user for behavior that violates our Community Guidelines.

Details: